Records Classification: Concepts, Principles and Methods information, systems, context

Bibliographic Details
Main Authors: Mokhtar, Umi Asma' (Author), Yusof, Zawiyah Mohammad (Author)
Format: Book
Language:English
PhysicalDescription:146 s. ilustr., sch., tab. 23 cm
Published: Cambridge Chandos Publishing 2017
ISBN:9780081022382
Subjects:

MARC

LEADER 00000nam a2200000 a 4500
001 vtls011715716
003 SK-MaSNL
005 20260302021257.0
008 240318s2017 xxua f n 001 0 eng
020 |a 9780081022382  |q (brož.) 
040 |a SNK  |b slo  |c SNK  |e AACR2 
041 0 |a eng 
044 |a xxu  |c US 
072 7 |a 025.3/.4  |x Katalogizácia. Selekčné jazyky  |2 konspekt 
080 |a 025.44/.47  |2 2011 
080 |a (048.8)  |2 2011 
100 1 |a Mokhtar, Umi Asma'  |4 aut  |9 665333 
245 1 0 |a Records Classification: Concepts, Principles and Methods  |b information, systems, context  |c Umi Asma' Mokhtar, Zawiyah Mohammad Yusof 
260 |a Cambridge  |b Chandos Publishing  |c 2017 
300 |a 146 s.  |b ilustr., sch., tab.  |c 23 cm 
504 |a Bibliografia na s. 131-142 ; register 
650 0 7 |a klasifikácia (knihovníctvo)  |2 SNKPH  |9 89547 
650 0 7 |a Classification  |2 SNKPHeng  |9 371132 
655 7 |a monografie  |2 SNKPH  |9 70139 
655 7 |a Monographs  |2 SNKPHeng  |9 120675 
700 1 |a Yusof, Zawiyah Mohammad  |4 aut  |9 665334 
919 |a 978-0-08-102238-2 
958 |a KL 
958 |a NB 
999 |c 1028186  |d 1030116 
952 |t snkMOK 025.3  |a SNKUST  |b SNKUST  |y PREZ  |7 0  |p 17A1273295  |o snkIC 143597  |i snk2017/22466  |8 3  |g 71.23  |0 0  |1 0  |4 0  |d 2017-10-16  |l 0  |r 2025-04-30 00:00:00  |w 2026-02-24